000 00729 a2200217 4500
001 42045
005 20260407155711.0
008 260407a1962 arg spa d
003 AR-UNSa-BCEJYS
040 _aAR-UNSa-BCEJYS
_bspa
_cAR-UNSa-BCEJYS
080 _a352
_xNiveles inferiores de la administración. Gobierno local. Administración municipal. Autoridades locales
245 1 0 _aPrincipios de régimen municipal
250 _a3a. ed.
264 1 _aBuenos Aires :
_bAbeledo Perrot
_c1962
300 _a399 p.
_c23 cm.
505 _a1. El régimen municipal - 2. Sistemas municipales - 3. Problemas municipales
041 _aspa
942 _cBK
590 _aniveau_biblio:m niveau_hierar:0
100 1 _aBielsa, Rafael
999 _c3570
_d3570